000
00363cam a2200169ua 4500
020
_c
Rs. 3.00
041
_a
mal
_h
082
_a
960
_b
PET/AE
100
_a
Peter, K C .
245
_a
Africa africa
260
_a
Thrissur :
_b
Current books ,
_c
1958.
300
_a
1958 ; .
365
_a
Rs. 3.00
504
_a
942
_c
BK
999
_c
440
_d
440